| 000 | 00867nam a22001935i 4500 | ||
|---|---|---|---|
| 001 | 163034 | ||
| 003 | ES-MaACL | ||
| 005 | 20260128063029.0 | ||
| 008 | 990216s1882 sp |||| | spa d | ||
| 040 |
_aCCPB | B _bspa _cCCPB | B |
||
| 100 |
_aReal Academia de Jurisprudencia y Legislación de España _9217612 |
||
| 245 | 1 | 0 |
_aReseña de los actos realizados por esta corporación con motivo del fallecimiento del Excmo. é Ilmo. Sr. D. José Moreno Nieto / _cAcademia Matritense de Jurisprudencia y Legislación. |
| 260 |
_aMadrid : _b[s.n.], _c1882 ( _fImprenta de la Revista de Legislación) |
||
| 300 |
_a23 p. ; _c21 cm. |
||
| 600 | 1 | 4 |
_aMoreno Nieto, José, _d1825-1882 _983416 |
| 852 |
_aES-MaACL _jT-360-F-14 _z-- Enc. hol. _q-- Falto de la port. y la cub. original _z-- Enc. en un vol. facticio |
||
| 852 |
_aES-MaACL _jT-368-F-17 |
||
| 999 |
_c163034 _d163034 |
||